Statistics for Biggest Countries in Each Time Zone

Click here to take the quiz!

General Stats

  • This quiz has been taken 124 times
    (110 since last reset)
  • The average score is 6 of 7

Answer Stats

Country% Correct
Russia
100%
United States
98%
Canada
92%
Brazil
89%
Kiribati
67%
Samoa
60%
Denmark
57%

Score Distribution

Percentile by Number Answered

Percent of People with Each Score

Your Score History

You have not taken this quiz since the last reset